Chicken Dishes by Picture - Statistics

General Stats
  • This quiz has been taken 61 times
  • The average score is 9 of 16
Answer Stats
Picture Answer % Correct
Chicken Wings
91%
Chicken Nuggets
88%
Fried Chicken
88%
Chicken Tenders
84%
Orange Chicken
72%
Chicken Noodle Soup
70%
Chicken and Waffles
65%
Chicken Sandwich
65%
Chicken Pot Pie
60%
Chicken Quesadilla
56%
Butter Chicken
40%
Rotisserie Chicken
37%
Chicken Parmesan
35%
Chicken and Broccoli
23%
Chicken Teriyaki
12%
Jerk Chicken
7%
No matching quizzes found
Score Distribution
Percent of People with Each Score
Percentile by Number Answered
Your Score History
You have not taken this quiz